=LDR 00000nam 2200000 4500 =001 000671 =005 20250711021855 =035 ##$$a 0010-0725000539 =007 ta =008 250711################a##########0#ind## =020 ##$$a 978-623-307-345-5 =082 ##$$a 398.209 598 =084 ##$$a 398.209 598 VEN p =100 #$$a Venugopal siddarth =245 1#$$a Para arkeolog cilik /$c Siddarth Shivani Venugopal =250 ##$$a Cetakan pertama =260 ##$$a Rawamangun :$b Badan pengembangan dan pusat bahasa,$c 2022 =300 ##$$a 18 hlm. : $b Ilus. ; $c 21 cm. =990 ##$$a TBM04460446